000 00238nam a2200109Ia 4500
008 190216s9999||||xx |||||||||||||| ||und||
100 _aAkkitham
245 0 _aAmrutha Kadigam
260 _bPk Brothers
650 _aMalayalam
942 _cBK
999 _c26207
_d26207